000 00917nam0a22003011 4500
001 2568709
005 20260406131436.0
010 _a5-05-001418-2
021 _aRU
_b87-45405
035 _a(NLR Aleph) 006452820
090 _a5756107
_c5756107
100 _a20110316d1978 u y0rusy50 ca
101 1 _arus
_aslo
_crus
102 _aRU
105 _aa z |||||
200 1 _aNeslušný medvedik
_fAgnija Bartova
_gIl. V. Sutejev
_gPrekl. V. Hegerová
210 _a[Moskva]
_cRaduga
_dcop. 1978
215 _a5, [6] с.
_cил.
_d28
686 _aШ9(2)680словац
_2rubbk
700 1 _4070
_8rus
_7ca
_aБарто
_bА. Л.
_f1906-1981
_gАгния Львовна
_3RU\NLR\auth\771526
_9111548
702 1 _aHegerová
_bV.
_4570
702 1 _aSutejev
_bV.
_4440
801 0 _aRU
_bNLR
_gpsbo
801 1 _aRU
_bELAR
_2rusmarc
852 _aNLR
_jDesideratum
899 _aRuMoRGB
_jЗ 87-13/132-9
942 _cBOOK
980 _aNB